An artist's catch : watercolors /

Bibliographic Details
Main Author: Stick, Frank
Other Authors: Stick, David, 1919-2009
Format: Book
Language:English
Published: Chapel Hill : University of North Carolina Press, [1981]
Subjects:

MARC

Tag First Indicator Second Indicator Subfields
LEADER 00000cam a22000008a 4500
001 in00000076568
005 20151008053718.0
008 810414s1981 ncua s00110 eng
010 |a  81002965  
020 |a 0807814857 
035 |a (OCoLC)07462783 
035 |9 AAH8384AM 
039 0 |a 2  |b 3  |c 3  |d 3  |e 3 
040 |a DLC  |c DLC  |d TXA  |d UtOrBLW 
049 |a TXAM  |c [1803385] 
050 0 0 |a ND1839.S78  |b A4 1981 
082 0 |a 759.13  |2 19 
100 1 |a Stick, Frank. 
245 1 3 |a An artist's catch :  |b watercolors /  |c by Frank Stick ; edited by David Stick. 
263 |a 8112 
264 1 |a Chapel Hill :  |b University of North Carolina Press,  |c [1981] 
264 4 |c ©1981 
300 |a xxxvi, 256 pages :  |b color illustrations ;  |c 21 x 22 cm. 
336 |a text  |b txt  |2 rdacontent 
337 |a unmediated  |b n  |2 rdamedia 
338 |a volume  |b nc  |2 rdacarrier 
500 |a Includes index. 
600 1 0 |a Stick, Frank. 
650 0 |a Fishes in art. 
700 1 |a Stick, David,  |d 1919-2009. 
999 |a MARS 
999 f f |s f352e500-e2f3-376f-92a1-247555510587  |i 59b6370a-88c3-33db-997b-61dcba6962c0  |t 0 
952 f f |p normal  |a Texas A&M University  |b College Station  |c Sterling C. Evans Library  |d Evans: Library Stacks  |t 0  |e ND1839.S78 A4 1981  |h Library of Congress classification  |i unmediated -- volume  |m A14806170232 
952 f f |p normal  |a Texas A&M University  |b Galveston Campus  |c Jack K. Williams Library  |d Galveston Stacks  |t 0  |e ND1839.S78 A4 1981  |h Library of Congress classification  |i unmediated -- volume  |m 33620000360640 
998 f f |a ND1839.S78 A4 1981  |t 0  |l Galveston Stacks 
998 f f |a ND1839.S78 A4 1981  |t 0  |l Evans: Library Stacks